000 01209nac a22003857a 4500
001 BR0600611
003 BR-BrBNA
005 20240105123250.0
008 230509b bl.|||m| |||| 00| 0 por d
040 _aBR-BrBNA
_bpor
_cBiblioteca Nacional de Agricultura
072 _aE11
090 _aE11 BR0600611
100 1 _aWalker, R.T.
100 1 _aHomma, A.K.O.
100 1 _aConto, A.J. de
100 1 _aCarvalho, R. de A.
100 1 _aFerreira, C.A.P.
100 1 _aSantos, A.I.M. dos
100 1 _aRocha, A.C.P.N. da
100 1 _aOliveira, P.M. de
100 1 _aPedraza, C.D.R.
110 1 _aEMBRAPA Amazônia Oriental, Belém, PA (Brasil)
245 1 _aAs contradições do processo de desenvolvimento agrícola na Transamazônica
260 3 _aBelém, PA (Brasil):
_c1997.
300 _a117 p.
490 _aDocumentos - EMBRAPA Amazônia Oriental (Brazil)
_vno. 93
_xISSN 0101-2835
500 _a6 illus.; bibliography p. 108-117
650 _aSISTEMA DE PRODUÇÃO
650 _aDESENVOLVIMENTO AGRÍCOLA
650 _aUSO DA TERRA
650 _aPEQUENO PRODUTOR
650 _aCOLONIZAÇÃO
909 _a202312
_bLúcia Elande
_c55
_dLúcia Elande
942 _2AGRIS
_n0
_cMS
999 _c294686
_d294686